Standard gear book ; working formulas and tables in gear design /

Bibliographic Details
Main Author: Trautschold, Reginald
Format: Book
Language:English
Published: New York, London : McGraw-Hill book company, inc., 1935.
Edition:1st ed.
Subjects:

MARC

Tag First Indicator Second Indicator Subfields
LEADER 00000cam a2200000 4500
001 in00000045727
005 20151007075231.0
008 760413s1935 nyua 00010 eng
010 |a  35002830  
035 |a (OCoLC)02108225 
035 |9 AAF2868AM 
040 |a DLC  |c WSU  |d TXA  |d UtOrBLW 
049 |a TXAM  |c 1 [374228], 2 [374229] 
050 0 |a TJ184  |b .T7 
082 0 |a 621.63 
092 |a 621.63  |b T778s 
100 1 |a Trautschold, Reginald. 
245 1 0 |a Standard gear book ;  |b working formulas and tables in gear design /  |c by Reginald Trautschold, M.E. 
250 |a 1st ed. 
264 1 |a New York,  |a London :  |b McGraw-Hill book company, inc.,  |c 1935. 
300 |a ix, 314 pages including illustrations, tables, diagrams ;  |c 24 cm. 
336 |a text  |b txt  |2 rdacontent 
337 |a unmediated  |b n  |2 rdamedia 
338 |a volume  |b nc  |2 rdacarrier 
650 0 |a Gearing. 
650 0 |a Gearing  |x Tables. 
999 |a MARS 
999 f f |s 350afb07-c048-3b67-8f54-956d34c57b58  |i 16143244-0996-3079-97cc-63ce42e8f979  |t 0 
952 f f |p ric  |a Texas A&M University  |b Rellis Campus  |c Joint Library Facility  |d Remote Storage  |t 0  |e TJ184 .T7  |h Library of Congress classification  |i unmediated -- volume  |m A14801041200 
998 f f |a TJ184 .T7  |t 0  |l Remote Storage